| 000 | 00452nam a22001817a 4500 | ||
|---|---|---|---|
| 003 | LK-CoDNM | ||
| 005 | 20250103131739.0 | ||
| 008 | 250103b |||||||| |||| 00| 0 eng d | ||
| 040 |
_aLK-CoDNM _dLK-CoDNM _eLK-CoDNM |
||
| 041 | _aeng | ||
| 080 |
_a4 _bD5 |
||
| 100 | _aWilliam Carmichael | ||
| 245 | _aThe Resources Of The Sea | ||
| 260 |
_aCambridge _bUniversity Press _c1921 |
||
| 300 | _a328p. : ill, 21 cm | ||
| 650 | _aScience | ||
| 942 | _cBK | ||
| 999 |
_c234818 _d234818 |
||